000
00291nam a2200109Ia 4500
008
190216s9999||||xx |||||||||||||| ||und||
100
_a
Sathya Prakash & Vibhab Saluja
245
0
_a
Megha Study Package Objectives Physics
260
_b
Prakashan A S
_c
1998
300
_a
780p
942
_c
REF
999
_c
36209
_d
36209